000 00775nas a2200229 4500
001 BR8205856
003 BR-BrBNA
005 20231205085312.0
007 ta
008 230509b bl.|||p| |||| 00| 00por d
040 _aBR-BrBNA
_bpor
_cBiblioteca Nacional de Agricultura
041 _a(Pt)
072 _aE15
100 1 _aSimonsen, M.H.
111 1 _a20. Congresso Brasileiro de Economia e Sociologia Rural
_cCuritiba, PR (Brazil)
_d26-29 Jul 1982
245 1 _aPolitica e suas implicacoes para o setor agricola
_bAnais
650 _aPOLITICA ECONOMICA
650 _aPOLITICA AGRICOLA
773 0 _tRevista de Economia Rural (Brazil)
_xISSN 0100-4905
_g(1982), v. 20(suppl. 2) p. 493-497
_wBR8205856
909 _a202311
_bLúcia
_c55
_dLúcia Elande
942 _2AGRIS
_n0
_cANA
999 _c110594
_d110594